This Is Me - Keala Settle & The Greatest Showman Ensemble - All Lyrics - Statistics

General Stats
  • This quiz has been taken 315 times
  • The average score is 354 of 402
Answer Stats
Answer % Correct
a
100%
ah
100%
I
100%
oh,
100%
oh)
100%
Oh,
100%
oh-oh,
100%
oh-oh
100%
Oh-oh-oh
100%
(Oh-oh-oh,
100%
oh-oh-oh,
100%
(Oh-oh-oh-oh,
100%
oh-oh-oh-oh)
100%
is
99%
me
99%
me)
99%
No
99%
no
99%
the
99%
this
99%
(This
99%
This
99%
who
99%
to
98%
be
97%
be,
97%
am
96%
I’m
96%
I'm
96%
(I'm
96%
not
96%
down
95%
down)
95%
we
95%
We
95%
When
95%
(When
95%
they
94%
Yeah,
94%
(Yeah,
94%
are
93%
away,
93%
away
93%
'Cause
93%
'cause
93%
dark
93%
meant
93%
you
93%
say
92%
us
91%
out
90%
out)
90%
out,
90%
stranger
90%
brave,
89%
let
89%
on
89%
on,
89%
that
89%
won't
89%
don't
88%
'em
88%
for
88%
For
88%
know
88%
my
88%
them
88%
Hide
87%
your
87%
of
86%
place
86%
there's
86%
There's
86%
want
86%
as
85%
gonna
85%
Gonna
85%
And
84%
and
84%
come
84%
dust
84%
here
84%
broken
83%
love
83%
all
82%
glorious
82%
scared
82%
Look
81%
apologies,
80%
seen
80%
wanna
80%
break
79%
make
79%
scars
79%
But
78%
cut
78%
parts
77%
ashamed
75%
beat
75%
I’ve
75%
learned
75%
Run
73%
words
73%
drown
72%
sharpest
72%
what
72%
drum
70%
marchin'
69%
Marchin'
69%
marchin',
69%
bruised
68%
that's
68%
send
66%
in
62%
skin
61%
flood,
60%
flood
60%
today
59%
Another
58%
become
56%
become)
56%
bullets
56%
fire
54%
hits
54%
round
54%
deserve
53%
nothin'
53%
we've
53%
through
51%
Well,
50%
sun
47%
one'll
46%
reachin'
46%
sink
42%
barricades
40%
burstin'
38%
shame
38%
worthy
38%
No matching quizzes found
Score Distribution
Percent of People with Each Score
Percentile by Number Answered
Your Score History
You have not taken this quiz